An introduction to the Bible / (Record no. 11330)
[ view plain ]
| 000 -LEADER | |
|---|---|
| fixed length control field | 01197cam a2200313 i 4500 |
| 001 - CONTROL NUMBER | |
| control field | 176882359 |
| 003 - CONTROL NUMBER IDENTIFIER | |
| control field | OCoLC |
| 005 - DATE AND TIME OF LATEST TRANSACTION | |
| control field | 20250306074425.0 |
| 008 - FIXED-LENGTH DATA ELEMENTS--GENERAL INFORMATION | |
| fixed length control field | 080808s2009 miuab b 001 0 eng |
| 010 ## - LIBRARY OF CONGRESS CONTROL NUMBER | |
| LC control number | 2008035221 |
| 020 ## - INTERNATIONAL STANDARD BOOK NUMBER | |
| International Standard Book Number | 9780802846365 (cloth : alk. paper) |
| 020 ## - INTERNATIONAL STANDARD BOOK NUMBER | |
| International Standard Book Number | 080284636X (cloth : alk. paper) |
| 035 ## - SYSTEM CONTROL NUMBER | |
| System control number | (OCoLC)176882359 |
| 040 ## - CATALOGING SOURCE | |
| Original cataloging agency | DLC |
| Language of cataloging | eng |
| Description conventions | rda |
| Transcribing agency | DLC |
| Modifying agency | BTCTA |
| -- | BAKER |
| -- | YDXCP |
| -- | C#P |
| -- | BWX |
| -- | CDX |
| -- | KAT |
| 050 00 - LIBRARY OF CONGRESS CALL NUMBER | |
| Classification number | 220.61 |
| Item number | K95A |
| 082 00 - DEWEY DECIMAL CLASSIFICATION NUMBER | |
| Classification number | 220.61 |
| Edition number | 22 |
| Item number | K95A |
| 092 ## - LOCALLY ASSIGNED DEWEY CALL NUMBER (OCLC) | |
| Classification number | 220.61 |
| Item number | K95A |
| 100 1# - MAIN ENTRY--PERSONAL NAME | |
| Personal name | Kugler, Robert A. |
| Authority record control number or standard number | https://id.loc.gov/authorities/names/n96001444 |
| 9 (RLIN) | 485 |
| 245 13 - TITLE STATEMENT | |
| Title | An introduction to the Bible / |
| Statement of responsibility, etc. | Robert Kugler and Patrick Hartin. |
| 264 #1 - PRODUCTION, PUBLICATION, DISTRIBUTION, MANUFACTURE, AND COPYRIGHT NOTICE | |
| Place of production, publication, distribution, manufacture | Grand Rapids, Mich. : |
| Name of producer, publisher, distributor, manufacturer | W.B. Eerdmans Pub., |
| Date of production, publication, distribution, manufacture, or copyright notice | 2009. |
| 300 ## - PHYSICAL DESCRIPTION | |
| Extent | xxv, 538 pages : |
| Other physical details | illustrations, maps ; |
| Dimensions | 27 cm |
| 336 ## - CONTENT TYPE | |
| Content type term | text |
| Content type code | txt |
| Source | rdacontent |
| 337 ## - MEDIA TYPE | |
| Media type term | unmediated |
| Media type code | n |
| Source | rdamedia |
| 338 ## - CARRIER TYPE | |
| Carrier type term | volume |
| Carrier type code | nc |
| Source | rdacarrier |
| 504 ## - BIBLIOGRAPHY, ETC. NOTE | |
| Bibliography, etc. note | Includes bibliographical references and index. |
| 630 00 - SUBJECT ADDED ENTRY--UNIFORM TITLE | |
| Uniform title | Bible |
| Form subdivision | Introductions. |
| Authority record control number or standard number | https://id.loc.gov/authorities/subjects/sh85013670 |
| 9 (RLIN) | 404 |
| 700 1# - ADDED ENTRY--PERSONAL NAME | |
| Personal name | Hartin, P. J. |
| Fuller form of name | (Patrick J.) |
| Authority record control number or standard number | https://id.loc.gov/authorities/names/n86045206 |
| 9 (RLIN) | 486 |
| 942 ## - ADDED ENTRY ELEMENTS (KOHA) | |
| Source of classification or shelving scheme | Dewey Decimal Classification |
| Koha item type | Books |
| Withdrawn status | Lost status | Source of classification or shelving scheme | Damaged status | Not for loan | Collection code | Home library | Current library | Shelving location | Date acquired | Total Checkouts | Full call number | Barcode | Date last seen | Price effective from | Koha item type |
|---|---|---|---|---|---|---|---|---|---|---|---|---|---|---|---|
| Dewey Decimal Classification | Not For Loan | Reference | Harvest Mission College | Harvest Mission College | Reference | 06.03.2025 | REF 220.61 K95A | 013264 | 06.03.2025 | 06.03.2025 | Reference |
